| 000 | 00467nam a22001697a 4500 | ||
|---|---|---|---|
| 005 | 20240821083143.0 | ||
| 008 | 240821b |||||||| |||| 00| 0 eng d | ||
| 022 | _a2710677 | ||
| 041 | _aEnglish | ||
| 082 | _a349 YEA | ||
| 100 | _lEnglish | ||
| 245 | _aYearbook of South African Law | ||
| 260 |
_aCape Town: _bJuta and Company Ltd, _c2021 |
||
| 300 |
_bx, 1208 pages; _c25 cm. |
||
| 650 |
_aLegal practice _bLaw |
||
| 942 |
_cBK _6ALISON_BN_VRIES |
||
| 999 |
_c2740 _d2740 |
||